00209nam a2200085Ia 450000100070000000500170000700800410002424500360006526000220010177761820250826165910.0250824s9999 xx 000 0 und d 0aSİS KELEBEKLERİcNAZIL ERAY bEVEREST YAYINLARI